| 000 | 00381 a2200157 4500 | ||
|---|---|---|---|
| 001 | 81483 | ||
| 082 | _a297.1227 MOD | ||
| 090 |
_c39740 _d39740 |
||
| 100 | _aAbual Alla Maududi | ||
| 245 |
_aTafhim ul Quran (Vol-V) _hUrdu |
||
| 250 | _aVol-V | ||
| 260 |
_aLahore _bTarjaman ul Quran _c2010 |
||
| 300 | _a664 | ||
| 500 | _aDOS BS Reference Books | ||
| 505 | _aAHQ Books | ||
| 942 |
_aNUST-CAE _cBS _k297.1227 MOD |
||
| 999 |
_c316556 _d316556 |
||